The foam-glass material for a radio frequency echoless chambers; IOP Conference Series: Materials Science and Engineering; Vol. 110 : Radiation-Thermal Effects and Processes in Inorganic Materials (RTEP2015)

Dettagli Bibliografici
Parent link:IOP Conference Series: Materials Science and Engineering
Vol. 110 : Radiation-Thermal Effects and Processes in Inorganic Materials (RTEP2015).— 2016.— [012086, 5 p.]
Ente Autore: Национальный исследовательский Томский политехнический университет (ТПУ) Институт физики высоких технологий (ИФВТ) Кафедра технологии силикатов и наноматериалов (ТСН)
Altri autori: Kazmina O. V. Olga Viktorovna, Suslyaev V., Dorozhkin К., Kuznetsov V., Lebedeva E.
Riassunto:Title screen
The conducted experiment of foam glass modification by carbon nanotubes shows increased radio absorbing properties in comparison with a foam glass without additives. Addition of carbon nanodimensional tubes in number of 1,5 wt.% increases a tangent of dielectric losses angle by 2,5 times. The coefficient of electromagnetic radiation absorption in the range of frequencies of 120 - 260 GHz increases for a foam glass with carbon nanotubes (1,5 wt. %) twice in comparison with a foam glass without additives. The foam glass modified by carbon nanotubes is recommended as the effective radio absorbing material for the device of anechoic cameras. This material is fire safety, nonflammable, environmentally friendly, rather light-weight.
Режим доступа: по договору с организацией-держателем ресурса
Lingua:inglese
Pubblicazione: 2016
Soggetti:
Accesso online:http://dx.doi.org/10.1088/1757-899X/110/1/012086
http://earchive.tpu.ru/handle/11683/18094
Natura: MixedMaterials Elettronico Capitolo di libro
KOHA link:https://koha.lib.tpu.ru/cgi-bin/koha/opac-detail.pl?biblionumber=647055

MARC

LEADER 00000nla2a2200000 4500
001 647055
005 20231223165511.0
035 |a (RuTPU)RU\TPU\network\12192 
035 |a RU\TPU\network\12191 
090 |a 647055 
100 |a 20160324a2016 k y0engy50 ba 
101 0 |a eng 
105 |a y z 100zy 
135 |a drgn ---uucaa 
181 0 |a i  
182 0 |a b 
200 1 |a The foam-glass material for a radio frequency echoless chambers  |f O. V. Kazmina [et al.] 
203 |a Text  |c electronic 
300 |a Title screen 
320 |a [References: 13 tit.] 
330 |a The conducted experiment of foam glass modification by carbon nanotubes shows increased radio absorbing properties in comparison with a foam glass without additives. Addition of carbon nanodimensional tubes in number of 1,5 wt.% increases a tangent of dielectric losses angle by 2,5 times. The coefficient of electromagnetic radiation absorption in the range of frequencies of 120 - 260 GHz increases for a foam glass with carbon nanotubes (1,5 wt. %) twice in comparison with a foam glass without additives. The foam glass modified by carbon nanotubes is recommended as the effective radio absorbing material for the device of anechoic cameras. This material is fire safety, nonflammable, environmentally friendly, rather light-weight. 
333 |a Режим доступа: по договору с организацией-держателем ресурса 
461 0 |0 (RuTPU)RU\TPU\network\2008  |t IOP Conference Series: Materials Science and Engineering 
463 0 |0 (RuTPU)RU\TPU\network\11965  |t Vol. 110 : Radiation-Thermal Effects and Processes in Inorganic Materials (RTEP2015)  |o International Scientific Conference, 31 August to 10 September 2015, Tomsk, Russia  |o [proceedings]  |v [012086, 5 p.]  |d 2016 
610 1 |a электронный ресурс 
610 1 |a труды учёных ТПУ 
610 1 |a пеностекло 
610 1 |a углеродные нанотрубки 
701 1 |a Kazmina  |b O. V.  |c Chemical Engineer  |c Professor of Tomsk Polytechnic University, Doctor of technical sciences  |f 1967-  |g Olga Viktorovna  |3 (RuTPU)RU\TPU\pers\33001  |9 16846 
701 1 |a Suslyaev  |b V. 
701 1 |a Dorozhkin  |b К. 
701 1 |a Kuznetsov  |b V. 
701 1 |a Lebedeva  |b E. 
712 0 2 |a Национальный исследовательский Томский политехнический университет (ТПУ)  |b Институт физики высоких технологий (ИФВТ)  |b Кафедра технологии силикатов и наноматериалов (ТСН)  |3 (RuTPU)RU\TPU\col\18694 
801 2 |a RU  |b 63413507  |c 20161121  |g RCR 
856 4 |u http://dx.doi.org/10.1088/1757-899X/110/1/012086 
856 4 0 |u http://earchive.tpu.ru/handle/11683/18094 
942 |c CF